[Sefer Torah, Neviʼim u-Khetuvim : (Record no. 7094)

MARC details
000 -LEADER
fixed length control field 01171cam a2200313 a 4500
001 - CONTROL NUMBER
control field 136149
003 - CONTROL NUMBER IDENTIFIER
control field GBCCL
005 - DATE AND TIME OF LATEST TRANSACTION
control field 20241126110619.0
008 - FIXED-LENGTH DATA ELEMENTS--GENERAL INFORMATION
fixed length control field 971209s1995 enk 000 0 heb
010 ## -
-- 97223108
020 ## - INTERNATIONAL STANDARD BOOK NUMBER
International Standard Book Number 0564000299
035 ## - SYSTEM CONTROL NUMBER
System control number (OCoLC)36936152
040 ## - CATALOGING SOURCE
Original cataloging agency DLC
Transcribing agency DLC
Modifying agency DLC
050 00 -
-- BS715
-- 1995
082 ## - DEWEY DECIMAL CLASSIFICATION NUMBER
Classification number 221.44
Item number SNA
100 ## - MAIN ENTRY--PERSONAL NAME
Personal name Snaith, Norman Henry
9 (RLIN) 12555
130 0# -
-- Bible.
-- Old Testament.
-- Hebrew.
-- 1995.
-- 12556
245 00 - TITLE STATEMENT
Title [Sefer Torah, Neviʼim u-Khetuvim :
Remainder of title meduyaḳ heṭev ʻal pi ha-mesorah /
Statement of responsibility, etc. hugah be-ʻiyun nimrats ʻal yede] Norman Henry Snaith.
246 18 -
-- Torah, Neviʼim u-Khetuvim
246 1# -
-- Title on t.p. verso:
-- Hebrew Old Testament
260 ## - PUBLICATION, DISTRIBUTION, ETC.
Place of publication, distribution, etc. London :
Name of publisher, distributor, etc. British and Foreign Bible Society,
Date of publication, distribution, etc. 1995.
300 ## - PHYSICAL DESCRIPTION
Extent 1362 p. ;
Dimensions 19 cm.
650 ## - SUBJECT ADDED ENTRY--TOPICAL TERM
Topical term or geographic name entry element Bible - OT - Hebrew
9 (RLIN) 12557
700 1# - ADDED ENTRY--PERSONAL NAME
Personal name Snaith, Norman H.
Fuller form of name (Norman Henry),
Dates associated with a name 1898-1982.
9 (RLIN) 12558
710 2# - ADDED ENTRY--CORPORATE NAME
Corporate name or jurisdiction name as entry element British and Foreign Bible Society.
9 (RLIN) 12559
906 ## - LOCAL DATA ELEMENT F, LDF (RLIN)
a 7
b cbc
c orignew
d 3
e ncip
f 19
g y-gencatlg
942 ## - ADDED ENTRY ELEMENTS (KOHA)
Source of classification or shelving scheme Dewey Decimal Classification
Koha item type Reference Books
Holdings
Withdrawn status Lost status Source of classification or shelving scheme Damaged status Not for loan Home library Current Library Shelving location Date acquired Total checkouts Full call number Barcode Date last seen Copy number Price effective from Koha item type
    Dewey Decimal Classification     GRACE BIBLE COLLEGE GRACE BIBLE COLLEGE Language 2018-07-09   221.44 SNA 001884 2025-05-01 c.1 2018-07-09 Language
© Grace Bible College Library 2025